Mexico vs Canada - Statistics

General Stats
  • This quiz has been taken 33 times
  • The average score is 8 of 16
Answer Stats
Question Answer % Correct
Which country borders the United States? Both
100%
Which country has more people who speak French? Canada
88%
Which country creates more tortillas? Mexico
88%
Which country has their national capital above 2000 ft of elevation? Mexico
75%
Which country is named after a nearby river? Neither
75%
Which country has multiple subdivisions that begin with "N"? Both
63%
Which country is a member of the G20 nations? Both
63%
Which country is a member of NATO? Canada
63%
Which country has multiple official languages? Canada
50%
Which country has more subdivisions? Mexico
50%
Which country trades more with the United States? Mexico
38%
Which country has had a woman as a leader? Both
13%
Which country has invaded the United States? Both
13%
Which country has a larger economy? (GDP/PPP) Mexico
13%
Which country has a political party abbreviated as "DRP"? Neither
13%
Which country has a top 20 company by market cap? Neither
13%
No matching quizzes found
Score Distribution
Percent of People with Each Score
Percentile by Number Answered
Your Score History
You have not taken this quiz